000 00489nam a2200181Ia 4500
008 151202s9999||||xx |||||||||||||| ||und||
082 _bPNVM-50054
100 _aआठल्ये अनिल.
245 _aसुप्रभात.
260 _b---
260 _c0
300 _a0
600 _aआठल्ये अनिल.
630 _aसुप्रभात.
700 _aआठल्ये अनिल.
730 _aसुप्रभात.
942 _cBOOK
999 _c1316596
_d1316593